Big East College Football Teams in 2004 - Statistics

General Stats
  • This quiz has been taken 24 times
  • The average score is 11 of 16
Answer Stats
Answer % Correct
Boston College
82%
Miami
82%
Rutgers
82%
UConn
82%
Pittsburgh
77%
Syracuse
77%
Eagles
68%
Panthers
68%
Huskies
64%
Orange
64%
Scarlet Knights
64%
West Virginia
64%
Hurricanes
59%
Mountaineers
55%
Virginia Tech
50%
Hokies
45%
No matching quizzes found
Score Distribution
Percent of People with Each Score
Percentile by Number Answered
Your Score History
You have not taken this quiz